000 01377nam a2200325 c 4500
003 BLK
005 20250124161740.0
008 180408b bul|||||r ||||||| ||bul||
010 _aKNG00082812000
020 _a978-954-739-988-4
_bиздат.: Захарий Стоянов
040 _aBLK
041 _aBUL
_cBUL
080 _aБългарска литература
_b821.163.2
_x-94
_z821.163.2-94
080 _aОперета. Муз. комедия. Водевил
_b782.8
_x(497.2)(091)(0:82-9)
_z782.8(497.2)(091)(0:82-9)
100 1 _aБаталова, Росица Георгиева
_d1930-2015
_gДиригент.
_eпърви автор
_936998
139 _aБаталова, Росица Георгиева
_bБ 28
245 1 0 _aАвтобиографични разкази
_cРосица Георгиева Баталова.
257 _aBGR
260 София
_bЗахарий Стоянов
_c2007
_fСофия : Унив. изд. Св. Климент Охридски
300 _a432 с.
_c20 см
380 _aX
500 _a1. изд. 1995 на изд. Хр. Ботев.
653 _aспомени
852 _aЦб 239346
856 4 _qpdf
_u
856 4 _qpdf
_u
942 _cKNG
_n0
_06
944 _aCR
_c02.04.2008
_lГеновева Генчева
_k30560
944 _aED
_c20.10.2016
_lф /
_kЛюдмила_Стоянова
999 _c78346
_d78346